000 00808cam a22002657a 4500
003 CHAP
005 20220329133745.0
008 971013s1979 r 00010 d
010 _a10421
011 _a11393
035 _a10631
040 _cCHAP
082 _a630.973
_bE2
100 0 0 _aEbeling, Walter.
_935025
245 1 4 _aThe fruited plain; the story of american agriculture
260 _aBerkeley :
_bUniversity of California,
_c1979
300 _a433 p.
_b: ilus. ; gráfs.
590 _aBATCH-UPD
_b10
_c20130110
_lUCH01
_h2113
590 _aCONVERSION
_b10
_c20130109
_lUCH01
_h1307
650 1 4 _aAgricultura
_xE.U.A.
_91408
650 1 4 _aAgricultura
_xHistoria
_xE.U.A.
_91513
901 _aBK
942 _cLIBRO
949 _a630.973 E2
_bBC
_cLIBRO
_d33724000049961
_eLIBRO
_h51998
_i10631
_si
_t689.00
999 _c10421
_d10421